Kỹ thuật gia công kim hoàn

Đã lưu trong:
書目詳細資料
主要作者: Codina, Carles
格式: 圖書
語言:Vietnamese
出版: Đà Nẵng 2003
標簽: 添加標簽
沒有標簽, 成為第一個標記此記錄!
Thư viện lưu trữ: Mạng thư viện Đại học Đà Nẵng
LEADER 00676nam a2200253 4500
001 000022057
003 18505
005 20150424130412.0
008 150424s2003 viesd
020 |c 100000 
041 0 |a vie 
082 1 4 |a 739  |b CO-C 
100 1 |a Codina, Carles 
245 1 0 |a Kỹ thuật gia công kim hoàn  |c Carles Codina, Dawn Cusick ; Trần Thế San, Nguyễn Thành Phương dịch 
260 |b Đà Nẵng  |c 2003 
300 |a tr.  |c cm. 
OWN |a LSP 
999 |a From the UDN01 
TYP |a Monograph 
TYP |a Printed language 
980 |a Mạng thư viện Đại học Đà Nẵng